| 000 | 00582nam a22001937a 4500 | ||
|---|---|---|---|
| 999 |
_c6271 _d6271 |
||
| 003 | AR-CdUCM | ||
| 008 | 190314b ||||| |||| 00| 0 spa d | ||
| 040 |
_aMUNICIPALIDAD PROVINCIAL DEL CUSCO _cBIBLIOTECA MUNICIPAL DEL CUSCO |
||
| 082 |
_a869.56 / _bAR74 |
||
| 100 |
_aArmaza, Emilio _913726 |
||
| 245 | _aRitmo Interior / | ||
| 260 |
_aLima : _bVillanueva ; _c1961. |
||
| 300 |
_a101 páginas ; _c21cm |
||
| 505 | _aContenido: Poesía -- Referencias bibliográficas | ||
| 650 |
_aMétrica _918020 |
||
| 650 |
_aPoesía peruana _911982 |
||
| 942 |
_2ddc _cLIBROS |
||
| 945 | _anom | ||